Представление документа в формате MARC21

ПолеНазваниеЗначение
  Тип записи a
  Библиографический уровень m
001 Контрольный номер RU\infra-m\znanium\bibl\2231207
005 Дата корректировки 20260429142216.8
008 Кодируемые данные 251202s2025 RU g rus u
020 Индекс ISBN __
a ISBN 978-5-16-016007-8
020 Индекс ISBN __
a ISBN 978-5-16-108384-0 (электр. издание)
040 Источник каталогиз. __
a Служба первич. каталог. Общество с ограниченной ответственностью «ЗНАНИУМ»
041 Код языка издания __
a Код языка текста rus
044 Код страны публикации __
a Код страны публикации RU
080 Индекс УДК __
a Индекс УДК 629.5(075.8)
084 Индекс другой классификации/Индекс ББК __
2 Источник индекса rubbk
a Индекс другой классификации/Индекс ББК 39.455.6я73
084 Индекс другой классификации/Индекс ББК __
2 Источник индекса okso
a Индекс другой классификации/Индекс ББК 26.02.04
084 Индекс другой классификации/Индекс ББК __
2 Источник индекса okso
a Индекс другой классификации/Индекс ББК 26.05.06
100 Автор __
a Автор Толстой С.И.
q Полное имя Толстой Сергей Иванович
u Дополнение ЧЕРНОМОРСКОЕ ВЫСШЕЕ ВОЕННО-МОРСКОЕ ОРДЕНОВ НАХИМОВА и КРАСНОЙ ЗВЕЗДЫ УЧИЛИЩЕ ИМЕНИ П.С.НАХИМОВА Министерство обороны Российской Федерации
245 Заглавие __
a Заглавие Классификация, состав и общая характеристика судовых дизельных энергетических установок
b Продолж. заглавия Учебное пособие
c Ответственность ЧЕРНОМОРСКОЕ ВЫСШЕЕ ВОЕННО-МОРСКОЕ ОРДЕНОВ НАХИМОВА и КРАСНОЙ ЗВЕЗДЫ УЧИЛИЩЕ ИМЕНИ П.С.НАХИМОВА Министерство обороны Российской Федерации
250 Сведения об издании __
a Основные сведения об издании 1
260 Выходные данные __
a Место издания Москва
b Издательство ООО "Научно-издательский центр ИНФРА-М"
c Дата издания 2026
300 Физическое описание __
a Объем 108 с.
440 Серия __
a Серия Военное образование (ЧВВМУ им. Нахимова)
520 Аннотация __
a Аннотация Учебное пособие разработано в соответствии с требованиями Международной конвенции о подготовке и дипломировании моряков и несении вахты 1978 года с учетом Манильских поправок 2010 года. Предназначено для студентов обучающихся по специальности «Эксплуатация судовых энергетических установок» при изучении дисциплины «Судовые пропульсивные комплексы». Может быть также полезно судовым механикам как при выполнении ими своих служебных обязанностей на судах так и при прохождении курсов повышения квалификации и сдаче экзаменов в Государственной квалификационной комиссии.
521 Примеч. о цел. назн. __
a Примеч. о целев. назн. Профессиональное образование
650 Тематические рубрики __
a Основная рубрика Транспорт
x Основная подрубрика Судостроение. Судомоделирование
655 Указ. предметных рубрик (устаревшее) __
a Жанр/ форма (устаревшее) Учебное пособие
856 Электронный адрес документа 4_
a Имя сервера/домена znanium.ru
m Помощь ebs_support@infra-m.ru
n Местонахождение сервера НИЦ ИНФРА-М
u URL https://znanium.ru/catalog/document?id=472191
856 Электронный адрес документа 48
a Имя сервера/домена znanium.ru
d Путь /cover/2231
f Электронное имя 2231207.jpg
q Тип электронного формата image/jpeg
u URL https://znanium.ru/cover/2231/2231207.jpg
911 __
u 0030=https://znanium.ru/catalog/document?id=472191